000
00364nam a2200181Ia 4500
100
_a
Raj Kamal
650
_a
Embedded systems
250
_a
2
942
_c
BK
366
_f
17.5
654
_a
embedded system
245
_a
Embedded system
260
_b
McGraw Hill
_c
2008
082
_a
003.3/RAJ
_b
RAJ
300
_a
681
546
_a
ENGLISH
999
_c
23958
_d
23958